"Retroceso de los glaciares y recursos hídricos en Bolivia - de la investigación a la acción" (Registro nro. 17785)

Detalles MARC
000 -CABECERA
Campo de control 01115nam a22002417a 4500
005 - FECHA Y HORA DE LA ULTIMA TRANSACCION
Campo de control 20170818142051.0
008 - ELEMENTOS DE LONGITUD FIJA—INFORMACION GENERAL
Campo de control 150918b2007 bo |||||r|||| 00| 0 spa d
040 ## - FUENTE DE CATALOGACIÓN
Agencia catalogadora original CO-BoIAVH
Agencia transcriptora CO-BoIAVH
041 0# - IDIOMA
Código de idioma para texto/pista de sonido o título separado Español
044 ## - PAÍS DE PUBLICACIÓN
País de publicación Bolivia
082 04 - NUMERO DE CLASIFICACION DECIMAL DEWEY
Número de clasificación 551.31
Número del ítem B66r
111 1# - ASIENTO PRINCIPAL--NOMBRE DE REUNION
Nombre de reunión o de jurisdicción como elemento de entrada Evento boliviano de seguimiento a la conferencia regional de Quito,
Lugar de la reunión La Paz, Bolivia.
Fecha de la reunión 11 de diciembre de 2006
9 (RLIN) 83388
245 11 - MENCION DE TITULO
Título "Retroceso de los glaciares y recursos hídricos en Bolivia - de la investigación a la acción"
260 ## - PUBLICACION, DISTRIBUCION, ETC. (PIE DE IMPRENTA)
Lugar de publicación, distribución, etc. La Paz (Bolivia):
Nombre del editor, distribuidor, etc. Instituto Boliviano de la Montaña (BIM),
-- Internationale Weiterbildung und Entwicklung (InWEnt),
Fecha de publicación, distribución, etc. 2007.
300 ## - DESCRIPCION FISICA
Extensión vi, 60 páginas :
Otros detalles físicos tablas, gráficas e ilustraciones ;
Dimensiones 24 cm
500 ## - NOTA GENERAL
Nota general Incluye anexos.
650 #6 - ASIENTO SECUNDARIO DE MATERIA - TERMINO TEMATICO
Término temático o nombre geográfico como elemento de entrada Cambios climáticos
Subdivisión de forma Congresos, conferencias, etc.
9 (RLIN) 83389
650 #6 - ASIENTO SECUNDARIO DE MATERIA - TERMINO TEMATICO
Término temático o nombre geográfico como elemento de entrada Conservación de recursos hídricos
Subdivisión de forma Congresos, conferencias, etc.
9 (RLIN) 83390
650 #4 - ASIENTO SECUNDARIO DE MATERIA - TERMINO TEMATICO
Término temático o nombre geográfico como elemento de entrada Retroceso de glaciares
Subdivisión de forma Congresos, conferencias, etc.
9 (RLIN) 83391
650 #6 - ASIENTO SECUNDARIO DE MATERIA - TERMINO TEMATICO
Término temático o nombre geográfico como elemento de entrada Cambio climático
Subdivisión general efectos
9 (RLIN) 83392
650 #4 - ASIENTO SECUNDARIO DE MATERIA - TERMINO TEMATICO
Término temático o nombre geográfico como elemento de entrada Cambio climático
Subdivisión general adaptación
9 (RLIN) 83393
942 ## - ELEMENTOS ADICIONALES (KOHA)
Sistema de clasificación Dewey Decimal Classification
Tipo de ítem Libro
Existencias
Withdrawn status Lost status Sistema de Clasificación Damaged status No para préstamo Colección Inventariado Ubicación Permanente Ubicación actual Fecha de adquisición Fuente de Valor Valor Total Checkouts Número topográfico Inventario / Código de Barras Date last seen Ejemplar Price effective from Forma de adquisición Tipo de material
    Dewey Decimal Classification     General Inventariado 2017 Bogotá Bogotá 18/09/2015 Instituto 39000.00   LB-551.31 B66r 038697 18/09/2015 Ej. 1 18/09/2015   Libro
    Dewey Decimal Classification     General Inventariado 2017 Sala Fabio Quevedo Sala Fabio Quevedo 18/08/2017 Instituto 39000.00   LB-551.31 B66r 042770 18/08/2017 Ej. 2 18/08/2017   Libro